000 00209 a2200097 4500
001 4762
100 _aGallent,R.a
245 _aMans reach into space
260 _a
_bGarden city press
_c
090 _c3955
_d3955
942 _aNUST-CAE
_cM
_c30217
999 _c239835
_d239835